A handsome man / (Record no. 25774)
[ view plain ]
| 000 -LEADER | |
|---|---|
| fixed length control field | 00748 a2200193 4500 |
| 005 - DATE AND TIME OF LATEST TRANSACTION | |
| control field | 20190305161707.0 |
| 010 ## - LCCN (DPL NO) | |
| LC control number | B-213069-097, B-213096 |
| 020 ## - INTERNATIONAL STANDARD BOOK NUMBER | |
| Terms of availability | 300..00 |
| International Standard Book Number | 8170173965 |
| 035 ## - SYSTEM CONTROL NUMBER | |
| System control number | B-213069-097, B-213096,B-213091 |
| 037 ## - SOURCE OF ACQUISITION | |
| Source of stock number/acquisition | Pansy |
| 082 ## - DEWEY DECIMAL CLASSIFICATION NUMBER | |
| Classification number | N |
| 100 ## - MAIN ENTRY--PERSONAL NAME | |
| Personal name | Prem, P.C.K. |
| 245 ## - TITLE STATEMENT | |
| Title | A handsome man / |
| Statement of responsibility, etc | by P.C.K. Prem |
| 260 ## - PUBLICATION, DISTRIBUTION, ETC. (IMPRINT) | |
| Place of publication, distribution, etc | New Delhi |
| Name of publisher, distributor, etc | Abhinav Publications |
| Date of publication, distribution, etc | 2001 |
| 270 ## - ADDRESS | |
| Address | E-37, Hauz Khas |
| City | New Delhi |
| Postal code | 110 016 |
| State or province | Delhi |
| Telephone number | 26566387, 26562784, 26524658 |
| Fax number | 91-11-6857009 |
| Electronic mail address | www.abhinavexports.com |
| 300 ## - PHYSICAL DESCRIPTION | |
| Extent | 261p. |
| Dimensions | 22cm. (Hb) |
| 942 ## - ADDED ENTRY ELEMENTS (KOHA) | |
| Institution code [OBSOLETE] | dpl |
| Item type | English Books |
| Source of classification or shelving scheme | Dewey Decimal Classification |
| Classification part | N |
| Call number suffix | PRE |
| Withdrawn status | Lost status | Not for loan | Collection code | Home library | Current library | Date acquired | Source of acquisition | Cost, normal purchase price | Full call number | Barcode | Copy number | Cost, replacement price | Koha item type |
|---|---|---|---|---|---|---|---|---|---|---|---|---|---|
| Fiction | R.C.Libraries (zls) | R.C.Libraries (zls) | 09/11/2018 | 300.00 | N PRE | B-213096 | 1 | 300.00 | English Books | ||||
| Fiction | Sarojini Nagar | Sarojini Nagar | 20/12/2018 | N PRE | B-213095 | English Books | |||||||
| Fiction | Sarojini Nagar | Sarojini Nagar | 20/12/2018 | N PRE | B-213094 | English Books | |||||||
| Fiction | Sarojini Nagar | Sarojini Nagar | 20/12/2018 | N PRE | B-213080 | English Books | |||||||
| Fiction | Vigyan Vihar | Vigyan Vihar | 05/03/2019 | BPPD/PUB | N PRE | B-213091 | English Books | ||||||
| Fiction | Vinoba Puri | Vinoba Puri | 16/04/2009 | Pansy/782/5.8.08/184/21.7.08/13.8.08 | 300.00 | N PRE | B-284462 | 1 | 300.00 | English Books |
